Eurovision Song Contest 2000 - Participating Countries - Statistics

General Stats
  • This quiz has been taken 5 times
    0 since last reset
  • The average score is 0 of 24
Answers on the Map
Answers color-coded by a green-red scale on the quiz's map according to % correct below.
 
Answer Stats
Answer % Correct
960px-Flag_of_Croatia.svg.png Croatia
0%
960px-Flag_of_the_Netherlands.svg.png Netherlands
0%
960px-Flag_of_Austria.svg.png Austria
0%
960px-Flag_of_Ireland.svg.png Ireland
0%
960px-Flag_of_Cyprus_%281960%E2%80%932006%29.svg.png Cyprus
0%
960px-Flag_of_Belgium.svg.png Belgium
0%
960px-Flag_of_Malta.svg.png Malta
0%
960px-Flag_of_Romania.svg.png Romania
0%
960px-Flag_of_North_Macedonia.svg.png Macedonia F.Y.R.
0%
960px-Flag_of_Latvia.svg.png Latvia
0%
960px-Flag_of_Estonia.svg.png Estonia
0%
960px-Flag_of_Denmark.svg.png Denmark
0%
960px-Flag_of_the_United_Kingdom_%281-2%29.svg.png United Kingdom
0%
960px-Flag_of_Turkey.svg.png Turkey
0%
960px-Flag_of_Finland.svg.png Finland
0%
960px-Flag_of_Iceland.svg.png Iceland
0%
960px-Flag_of_France_%281976%E2%80%932020%29.svg.png France
0%
960px-Flag_of_Israel.svg.png Israel
0%
960px-Flag_of_Norway.svg.png Norway
0%
960px-Flag_of_Switzerland.svg.png Switzerland
0%
960px-Flag_of_Sweden.svg.png?20240819095330 Sweden
0%
960px-Flag_of_Spain.svg.png?20160610210450 Spain
0%
960px-Flag_of_Germany.svg.png?20111003033442 Germany
0%
960px-Flag_of_Russia.svg.png?20120812153731 Russia
0%
No matching quizzes found
Score Distribution
Percent of People with Each Score
Percentile by Number Answered
Your Score History
You have not taken this quiz since the last reset